000 00327nam a22001457a 4500
008 210518b ||||| |||| 00| 0 eng d
020 _a9780323025515
041 _aeng
080 _26th
_a610.73
082 _a610.73
100 _a2
101 _aINF
245 _aNursing Diagnosis Handbook
_cAckley,B.J
942 _2udc
_cBK
999 _c57388
_d57388